000 00342nam a2200109Ia 4500
008 171211s9999 xx 000 0 und d
245 _aLes points vitaux et le combat: Introduction à l'essence des arts martiaux
245 _cRick Clark
260 _c2006
650 _xMartial Arts
856 _uhttp://down.ebook777.com/053/9782846170673.pdf
999 _c348253
_d348253